Statistics for Swedish Prime Ministers

Click here to take the quiz!

General Stats

  • This quiz has been taken 58 times
  • The average score is 18 of 45

Answer Stats

YearAnswer% Correct
2021-2022Magdalena Andersson
95%
1982-1986Olof Palme
95%
1969-1976Olof Palme
95%
2006-2014Fredrik Reinfeldt
90%
2022-Ulf Kristersson
90%
1996-2006Göran Persson
85%
2014-2021Stefan Löfven
85%
1991-1994Carl Bildt
80%
1888-1889Gillis Bildt
75%
1946-1969Tage Erlander
75%
1979-1982Thorbjörn Fälldin
65%
1976-1978Thorbjörn Fälldin
65%
1920Hjalmar Branting
60%
1921-1923Hjalmar Branting
60%
1924-1925Hjalmar Branting
60%
1986-1991Ingvar Carlsson
45%
1994-1996Ingvar Carlsson
45%
1936-1946Per Albin Hansson
45%
1932-1936Per Albin Hansson
45%
1914-1917Hjalmar Hammarskjöld
40%
1978-1979Ola Ullsten
35%
1932Felix Hamrin
30%
1905-1906Karl Staaff
30%
1911-1914Karl Staaff
30%
1880-1883Arvid Posse
20%
1936Axel Pehrsson-Bramstorp
20%
1876-1880Louis De Geer d.ä.
20%
1920-1921Louis De Geer d.y.
20%
1917-1920Nils Edén
20%
1928-1930Arvid Lindman
15%
1906-1911Arvid Lindman
15%
1883-1884Carl Johan Thyselius
15%
1921Oscar von Sydow
15%
1925-1926Rickard Sandler
15%
1930-1932Carl Gustaf Ekman
10%
1926-1928Carl Gustaf Ekman
10%
1917Carl Swartz
10%
1902-1905Erik Gustaf Boström
10%
1891-1900Erik Gustaf Boström
10%
1923-1924Ernst Trygger
10%
1889-1891Gustaf Åkerhielm
10%
1884-1888Robert Themptander
10%
1905Christian Lundeberg
5%
1900-1902Fredrik von Otter
5%
1905Johan Ramstedt
5%

Score Distribution

Percentile by Number Answered

Percent of People with Each Score

Your Score History

You have not taken this quiz